1570 1217 1998 1038 1009 1874 1180 1108 1370 1127 1519 1926 1495 1678 1301 1407 1303 1721 1773 1267 1688 1189 1137 1350 1000 1229 1553 1863 1597 1734 1064 1768 1766 1669 1248 1321 1077 1805 1809 1723 1632 1328 1106 1233 1732 1601 1107 1164 1859 1412 1769 1042 1243 1061 1001 1862 1736 1819 1380 1546 1018 1909 1516 2000 1905 1481 1144 1520 1370 1440 1365 1005 1491 1944 1877 1984 1637 1020 1965 1528 1432 1543 1531 1965 1645 1272 1706 1111 1102 1068 1544 1874 1944 1333 1916 1777 1869 1924 1382 BCNSPRNW ULIB Ver.6.0+V

เปลี่ยนเป็นภาษาไทย

Change to English
 แสดงรายละเอียดบรรณานุกรม
  กลับหน้าหลัก

Brief Record : Get Marc (ISO 2709) : E-mail record : QR code < ปิดหน้าต่าง
LEADER : 00000nam 2200000uu 4500
001    13399112387
003     ULIB
008    110801s2538||||th 000 0 tha d
020    97463298
050  4 P90^bบ585ก 2538
100 0  บุญศรี ปราบณศักดิ์
245 10 การสื่อสารเพื่อการคุณภาพการพยาบาล(2536)/^cบุญศรี ปราบณศักดิ์
250    พิมพ์ครั้งที่ 3
260    กรุงเทพฯ:^bจุฬาลงกรณ์มหาวิทยาลัย,^c2538
300    148 หน้า
650  7 การสื่อสาร^xพยาบาล
650  7 พยาบาล
710 2  จุฬาลงกรณ์มหาวิทยาลัย.
945    ^p0^l0^i013665
945    ^p0^l0^i013666
945    ^p0^l0^i013667
995     ทศพร
999 ^a ทศพร
รายการนี้ยังไม่มีแท็ก
คุณยังไม่ได้ล็อกอิน คุณสามารถมีกิจกรรมร่วมกับเว็บไซต์ได้ แต่ต้องล็อกอินก่อน ::
  ล็อกอิน

รายการสื่อสารสนเทศ

ลำดับที่ ประเภท เลขเรียก/บาร์โค้ด สถานที่ สถานะ
- ไม่พบข้อมูล -

รายการใกล้เคียง
    ผู้แต่ง [บุญศรี ปราบณศักดิ์]

    หัวเรื่อง [พยาบาล]

BibComment


ยังไม่เคยถูกคอมเมนท์

คอมเมนท์ทรัพยากรรายการนี้
  คอมเมนท์: การสื่อสารเพื่อกา..


 Copyright 2026. Bcnsprnw @Library